000 00695nmc a2200277 a 4500
003 AR-BaBNM
005 20251128204451.0
008 037019s1990 ||||||||||||||000 | spa||
020 _a950-07-0613-X
040 _cAR-BaBNM
100 1 _aCabal, Graciela Beatriz
245 1 0 _aLas dos tortugas
260 _aBuenos Aires
_bSudamericana
_c1990
300 _a14 p.
_bil.
490 0 _aLibros del bolsillo
_vv. 1
650 4 _aLITERATURA ARGENTINA
650 4 _aCUENTOS
650 4 _aLITERATURA INFANTIL
650 4 _aLIBROS PARA NINOS
650 4 _aCUENTOS DE ANIMALES
655 _aLITERATURA
700 0 _aSanyú
_eilustrador
800 0 _aCanela
942 _cBK
998 _cLAURA
999 _c7535
_d7535